El pensamiento ético de J. Habermas
Enregistré dans:
| Auteur principal: | |
|---|---|
| Format: | Livre |
| Langue: | Undetermined |
| Publié: |
Valencia, España
Ediciones Episteme
2000
|
| Sujets: | |
| Tags: |
Ajouter un tag
Pas de tags, Soyez le premier à ajouter un tag!
|
MARC
| LEADER | 00000nam a2200000Ia 4500 | ||
|---|---|---|---|
| 008 | 170316s9999 xx 000 0 und d | ||
| 090 | |a 100 J-9.1p | ||
| 100 | |a Jiménez Redondo, Manuel | ||
| 245 | |a El pensamiento ético de J. Habermas | ||
| 260 | |a Valencia, España | ||
| 260 | |b Ediciones Episteme | ||
| 260 | |c 2000 | ||
| 300 | |a 117 páginas | ||
| 650 | |a FILOSOFÍA | ||
| 999 | |c 16617 |d 16617 | ||
| 040 | |a cru BVZT | ||
| 942 | |c 15 D |h 100 J-9.1p |2 z | ||
